Statistics for Guess the Song

Click here to take the quiz!

General Stats

  • This quiz has been taken 4 times
  • The average score is 3 of 14

Answer Stats

LyricTitle/Artist% Correct
Got a long list of ex-lovers
They'll tell you I'm insane
Blank Space / Taylor Swift
75%
For some reason, I can't explain
Once you'd gone, there was never, never an honest word
Viva la Vida / Coldplay
50%
My first love broke my heart for the first time, and I was likeBaby / Justin Bieber
25%
That the nights were mainly made for saying,
Things that you can′t say tomorrow day
Do I Wanna Know? / Arctic Monkeys
25%
Fading in, fading out
On the edge of paradise
Love Me Like You Do / Ellie Goulding
25%
There lived a certain man in Russia long ago
He was big and strong, in his eyes a flaming glow
Rasputin / Boney M.
25%
And if I may just take your breath away
I don't mind if there's not much to say
Sometimes the silence guides a mind
To move to a place so far away
Sweater Weather / The Neighbourhood
25%
Wir ziehen durch die Straßen und die Clubs dieser StadtAtemlos durch die Nacht / Helene Fischer
0%
Yeah, today I drove through the suburbs
'Cause how could I ever love someone else?
drivers license / Olivia Rodrigo
0%
Now throw your hands up in the air
Wave 'em around like you just don't care
Everybody / Backstreet Boys
0%
Areumdawo
Sarangseureowo
Geurae, neo (Hey)
Geurae, baro neo (Hey)
Gangnam Style / PSY
0%
You're my river running high
Run deep, run wild
I Follow Rivers / Lykke Li
0%
Baby, am I your little secret?
18, I'm old enough to keep it
older / Isable LaRosa
0%
And that's when you need me there
With you I'll always share
Umbrella / Rihanna
0%

Score Distribution

Percentile by Number Answered

Percent of People with Each Score

Your Score History

You have not taken this quiz